Introducing Mass Communication (Record no. 16881)
[ view plain ]
| 000 -LEADER | |
|---|---|
| fixed length control field | 00288nam a22001217a 4500 |
| 008 - FIXED-LENGTH DATA ELEMENTS--GENERAL INFORMATION | |
| fixed length control field | 140110t xxu||||| |||| 00| 0 eng d |
| 020 ## - INTERNATIONAL STANDARD BOOK NUMBER | |
| International Standard Book Number | 0-07-022773-X |
| 100 ## - MAIN ENTRY--PERSONAL NAME | |
| Personal name | Michael W. Gamble |
| 9 (RLIN) | 619 |
| 245 ## - TITLE STATEMENT | |
| Title | Introducing Mass Communication |
| 250 ## - EDITION STATEMENT | |
| Edition statement | 2nd Ed. |
| 300 ## - PHYSICAL DESCRIPTION | |
| Extent | 160 |
| 942 ## - ADDED ENTRY ELEMENTS (KOHA) | |
| Source of classification or shelving scheme | |
| Koha item type | Book |
| Withdrawn status | Lost status | Source of classification or shelving scheme | Damaged status | Not for loan | Permanent Location | Current Location | Date acquired | Total Checkouts | Full call number | Barcode | Date last seen | Price effective from | Koha item type | Collection code |
|---|---|---|---|---|---|---|---|---|---|---|---|---|---|---|
| Atta-ur-Rahman School of Applied Biosciences (ASAB) | Atta-ur-Rahman School of Applied Biosciences (ASAB) | 01/10/2014 | 001.51 Gam | ASAB162 | 01/18/2016 | 01/10/2014 | Book | |||||||
| Atta-ur-Rahman School of Applied Biosciences (ASAB) | Atta-ur-Rahman School of Applied Biosciences (ASAB) | 01/10/2014 | 001.51 Gam | ASAB163 | 01/10/2014 | 01/10/2014 | Book |
